Marketing: crear y mantener clientes en un mundo de comercio-e
Zapisane w:
| Główni autorzy: | , |
|---|---|
| Format: | Książka |
| Język: | hiszpański |
| Wydane: |
Ciudad de México
Thomson Learning
2002
|
| Wydanie: | 7a. ed |
| Seria: | Económico Administrativos
|
| Hasła przedmiotowe: | |
| Etykiety: |
Dodaj etykietę
Nie ma etykietki, Dołącz pierwszą etykiete!
|
MARC
| LEADER | 00000cam a2200000 a 4500 | ||
|---|---|---|---|
| 001 | UCD8965 | ||
| 003 | CL-VaPUC | ||
| 008 | 170527e20020000mx |||||||||||||||||spa|d | ||
| 020 | |a 9706860967 | ||
| 082 | 0 | 4 | |a 658.8 |b ZIK |2 21 |
| 100 | 0 | |a Zikmund, William G |e author |9 592592 | |
| 700 | 0 | |a D'Amico, Michael |e author |9 592593 | |
| 245 | 1 | 0 | |a Marketing: crear y mantener clientes en un mundo de comercio-e |
| 250 | |a 7a. ed | ||
| 300 | |a v | ||
| 942 | |c BK | ||
| 945 | |d 20170527 00:32:00 |a arojas | ||
| 260 | |a Ciudad de México |b Thomson Learning |c 2002 | ||
| 650 | 0 | |a Marketing |9 259324 | |
| 650 | 0 | |a Planificación estratégica |9 259735 | |
| 650 | 0 | |a Comercialización |9 259326 | |
| 583 | |a last modification |c 20170527 00:32:00 |k Rodrigo Vera | ||
| 490 | 0 | |a Económico Administrativos | |
| 999 | |c 368271 |d 368269 | ||